Guess the State: National Battlefields Quiz Stats

 Plays Quiz not verified by Sporcle

Challenge
Share
Tweet
Embed
Score 0/25 Timer 10:00
0 Plays Today
Battlefield or Military Park State or Territory % Correct
Fredericksburg and Spotsylvania County Battlefields MemorialVirginia
93.2%
GettysburgPennsylvania
93.2%
Chickamauga and ChattanoogaGeorgia & Tennessee
91.9%
RichmondVirginia
91.9%
ManassasVirginia
89.2%
AntietamMaryland
87.8%
VicksburgMississippi
82.4%
ShilohTennessee
79.7%
PetersburgVirginia
77%
Kennesaw MountainGeorgia
75.7%
TupeloMississippi
75.7%
CowpensSouth Carolina
70.3%
Guilford CourthouseNorth Carolina
60.8%
Battlefield or Military Park State or Territory % Correct
Fort DonelsonTennessee & Kentucky
51.4%
Fort NecessityPennsylvania
50%
Stones RiverTennessee
47.3%
Kings MountainSouth Carolina
44.6%
MonocacyMaryland
41.9%
Pea RidgeArkansas
39.2%
Wilson's CreekMissouri
37.8%
Big HoleMontana
35.1%
Horseshoe BendAlabama
35.1%
Moores CreekNorth Carolina
35.1%
Brices Cross RoadsMississippi
29.7%
River RaisinMichigan
25.7%

You're not logged in!

Compare scores with friends on all Sporcle quizzes.
Join for Free
OR
Log In

You Might Also Like...

Show Comments

Extras

Top Quizzes Today


Score Distribution

Your Account Isn't Verified!

In order to create a playlist on Sporcle, you need to verify the email address you used during registration. Go to your Sporcle Settings to finish the process.

Report this User

Report this user for behavior that violates our Community Guidelines.

Details: